00514nam a2200145 a 450000100100000000500170001000800410002704000250006808200150009310000460010824500640015426000510021830000210026950000780029000003683320200930075950.0120201s1956 cu 000 0 spa d aDO-SdBNPbspacBNPHU axxxxbZ24r1 aZambrana y Vázquez, Antonio,d1846-192213aLa república de Cuba. /cpor Antonio Zambran y Vázquez. aLa Habana :bImp. P. Fernández y Cia,c1956. a124 p. ;c22 cm. areproducción exacta de la primera edición hecha en Nueva York en 1873